<?xml version="1.0" encoding="UTF-8"?>
<record
    xmlns:xsi="http://www.w3.org/2001/XMLSchema-instance"
    xsi:schemaLocation="http://www.loc.gov/MARC21/slim http://www.loc.gov/standards/marcxml/schema/MARC21slim.xsd"
    xmlns="http://www.loc.gov/MARC21/slim">

  <leader>01264nam0a22002891  4500</leader>
  <controlfield tag="001">v19\rc\1959981</controlfield>
  <controlfield tag="005">20251118181004.6</controlfield>
  <datafield tag="035" ind1=" " ind2=" ">
    <subfield code="a">(NLR Aleph) 005043881</subfield>
  </datafield>
  <datafield tag="090" ind1=" " ind2=" ">
    <subfield code="a">6822571</subfield>
    <subfield code="c">6822571</subfield>
  </datafield>
  <datafield tag="100" ind1=" " ind2=" ">
    <subfield code="a">20080428d1913    u  y0rusy50      ca</subfield>
  </datafield>
  <datafield tag="101" ind1="0" ind2=" ">
    <subfield code="a">rus</subfield>
  </datafield>
  <datafield tag="102" ind1=" " ind2=" ">
    <subfield code="a">RU</subfield>
  </datafield>
  <datafield tag="105" ind1=" " ind2=" ">
    <subfield code="a">y   z   |||||</subfield>
  </datafield>
  <datafield tag="200" ind1="1" ind2=" ">
    <subfield code="a">&#x421;&#x440;&#x430;&#x436;&#x435;&#x43D;&#x438;&#x435; &#x432; &#x41A;&#x43E;&#x440;&#x435;&#x439;&#x441;&#x43A;&#x43E;&#x43C; &#x43F;&#x440;&#x43E;&#x43B;&#x438;&#x432;&#x435; 14 &#x438; 15 &#x43C;&#x430;&#x44F; 1905 &#x433;&#x43E;&#x434;&#x430; (&#x43F;&#x440;&#x438; &#x43E;-&#x432;&#x435; &#x426;&#x443;&#x441;&#x438;&#x43C;&#x430;)</subfield>
    <subfield code="e">&#x421;&#x43E;&#x43E;&#x431;&#x449;&#x435;&#x43D;&#x438;&#x435; &#x43A;&#x430;&#x43F;&#x438;&#x442;&#x430;&#x43D;&#x430; 2 &#x440;&#x430;&#x43D;&#x433;&#x430; &#x41C;.&#x418;. &#x421;&#x43C;&#x438;&#x440;&#x43D;&#x43E;&#x432;&#x430; 3-&#x433;&#x43E; &#x430;&#x43F;&#x440;&#x435;&#x43B;&#x44F; 1913 &#x433;.</subfield>
    <subfield code="f">&#x41E;&#x444;&#x438;&#x446;. &#x430;&#x440;&#x442;. &#x448;&#x43A;.</subfield>
  </datafield>
  <datafield tag="210" ind1=" " ind2=" ">
    <subfield code="a">&#x426;&#x430;&#x440;&#x441;&#x43A;[&#x43E;&#x435; &#x421;&#x435;&#x43B;&#x43E;]</subfield>
    <subfield code="c">&#x426;&#x435;&#x43D;&#x442;&#x440;. &#x43B;&#x438;&#x442;&#x43E;-&#x442;&#x438;&#x43F;. &#x421;.&#x41C;. &#x411;&#x43E;&#x440;&#x43E;&#x432;&#x43A;&#x43E;&#x432;&#x430;</subfield>
    <subfield code="d">[1913]</subfield>
  </datafield>
  <datafield tag="215" ind1=" " ind2=" ">
    <subfield code="a">7 &#x441;.</subfield>
    <subfield code="d">25</subfield>
  </datafield>
  <datafield tag="532" ind1="1" ind2="1">
    <subfield code="a">&#x421;&#x440;&#x430;&#x436;&#x435;&#x43D;&#x438;&#x435; &#x432; &#x41A;&#x43E;&#x440;&#x435;&#x439;&#x441;&#x43A;&#x43E;&#x43C; &#x43F;&#x440;&#x43E;&#x43B;&#x438;&#x432;&#x435; &#x447;&#x435;&#x442;&#x44B;&#x440;&#x43D;&#x430;&#x434;&#x446;&#x430;&#x442;&#x43E;&#x433;&#x43E; &#x438; &#x43F;&#x44F;&#x442;&#x43D;&#x430;&#x434;&#x446;&#x430;&#x442;&#x43E;&#x433;&#x43E; &#x43C;&#x430;&#x44F; 1905 &#x433;&#x43E;&#x434;&#x430; (&#x43F;&#x440;&#x438; &#x43E;-&#x432;&#x435; &#x426;&#x443;&#x441;&#x438;&#x43C;&#x430;)</subfield>
  </datafield>
  <datafield tag="700" ind1=" " ind2="1">
    <subfield code="7">ca</subfield>
    <subfield code="8">rus</subfield>
    <subfield code="a">&#x421;&#x43C;&#x438;&#x440;&#x43D;&#x43E;&#x432;</subfield>
    <subfield code="b">&#x41C;. &#x418;.</subfield>
    <subfield code="c">&#x43A;&#x43E;&#x43D;&#x442;&#x440;-&#x430;&#x434;&#x43C;&#x438;&#x440;&#x430;&#x43B;</subfield>
    <subfield code="f">1880-1937</subfield>
    <subfield code="g">&#x41C;&#x438;&#x445;&#x430;&#x438;&#x43B; &#x418;&#x432;&#x430;&#x43D;&#x43E;&#x432;&#x438;&#x447;</subfield>
    <subfield code="9">128966</subfield>
    <subfield code="3">RU\NLR\AUTH\770128997</subfield>
  </datafield>
  <datafield tag="801" ind1=" " ind2="0">
    <subfield code="a">RU</subfield>
    <subfield code="b">NLR</subfield>
    <subfield code="g">psbo</subfield>
  </datafield>
  <datafield tag="801" ind1=" " ind2="0">
    <subfield code="a">RU</subfield>
    <subfield code="b">RuMoRGB</subfield>
    <subfield code="2">psbo</subfield>
  </datafield>
  <datafield tag="801" ind1=" " ind2="1">
    <subfield code="a">RU</subfield>
    <subfield code="b">ProSoft-M</subfield>
    <subfield code="2">rusmarc</subfield>
  </datafield>
  <datafield tag="852" ind1=" " ind2=" ">
    <subfield code="a">NLR</subfield>
    <subfield code="j">18.259.9.51</subfield>
  </datafield>
  <datafield tag="899" ind1=" " ind2=" ">
    <subfield code="a">RuMoRGB</subfield>
    <subfield code="j">&#x394; 13/302</subfield>
  </datafield>
  <datafield tag="899" ind1=" " ind2=" ">
    <subfield code="a">RuMoRGB</subfield>
    <subfield code="j">U 272/659</subfield>
  </datafield>
  <datafield tag="942" ind1=" " ind2=" ">
    <subfield code="c">BOOK</subfield>
  </datafield>
  <datafield tag="980" ind1=" " ind2=" ">
    <subfield code="a">NB</subfield>
  </datafield>
  <datafield tag="995" ind1=" " ind2=" ">
    <subfield code="5">2013-10-26</subfield>
    <subfield code="b">NLR02</subfield>
    <subfield code="c">NLR02</subfield>
    <subfield code="e">RFS</subfield>
    <subfield code="f">1-4544844</subfield>
    <subfield code="k">18.259.9.51</subfield>
    <subfield code="o">0</subfield>
    <subfield code="r">BOOK</subfield>
    <subfield code="s">18259951_</subfield>
  </datafield>
</record>
